Statystyki dla League of Legends - Pustka

Kliknij tutaj aby rozwiązać quiz!

Ogólne statystyki

  • Ten quiz został rozwiązany 1 052 razy
  • Średni wynik to 6 z 8

Statystyki odpowiedzi

Odpowiedź% Poprawnych
Kai Sa
89%
Kassadin
84%
Vel Koz
82%
Kha Zix
80%
Rek Sai
80%
Cho Gath
77%
Malzahar
71%
Kog Maw
57%

Rozkład punktacji

Percentyl według liczby udzielonych odpowiedzi

Procent ludzi z każdym wynikiem

Twoja historia wyników

Nie rozwiązałeś tego quizu